000 00617nam a2200181Ia 4500
008 090124s9999 xx 000 0 und d
082 _b128059
100 _aकुलकर्णी विनायक.
245 _a बँक कुणासाठी कशासाठी
250 _a1
260 _c1997
300 _a62
600 _aकुलकर्णी विनायक.
630 _a बँक कुणासाठी कशासाठी
700 _aकुलकर्णी विनायक.
730 _a बँक कुणासाठी कशासाठी
942 _cBOOK
999 _c174148
_d174148